000 00790nam a22002657a 4500
003 CHAP
005 20220329134924.0
008 971013s r 00010 d
010 _a28101
011 _a29073
035 _a33184
040 _cCHAP
090 _aR-159
100 0 0 _aLamprecht, Herbert.
_964605
245 _aNew and hitherto know polymeric genes of Pisum
500 _aSobretiro de: Agri Hortique Genetica. 11:40-54, 1953.
590 _aBATCH-UPD
_b10
_c20130110
_lUCH01
_h2252
590 _aBATCH-UPD
_b10
_c20130410
_lUCH01
_h1545
590 _aBATCH-UPD
_b10
_c20130914
_lUCH01
_h0928
590 _aCONVERSION
_b10
_c20130109
_lUCH01
_h1316
650 1 4 _aChícharo
_xGenética.
_922831
901 _aBK
942 _cREIMP
949 _aR-159
_bBC
_cR
_d-77096
_eTS1
_i33184
_si
999 _c28101
_d28101